UBT Library

Foundations of education / (Record no. 47342)

000 -LEADER
fixed length control field 00672cam a2200241 a 4500
001 - CONTROL NUMBER
control field 13718767
005 - DATE AND TIME OF LATEST TRANSACTION
control field 20180827072457.0
008 - FIXED-LENGTH DATA ELEMENTS--GENERAL INFORMATION
fixed length control field 040914s2006 maua bf 001 0 eng
010 ## - LIBRARY OF CONGRESS CONTROL NUMBER
LC control number 2004113506
020 ## - INTERNATIONAL STANDARD BOOK NUMBER
International Standard Book Number 0618474064
040 ## - CATALOGING SOURCE
Original cataloging agency DLC
Transcribing agency DLC
Modifying agency DLC
041 ## - LANGUAGE CODE
Language code of text/sound track or separate title eng
043 ## - GEOGRAPHIC AREA CODE
Geographic area code n-us---
080 ## - UNIVERSAL DECIMAL CLASSIFICATION NUMBER
Universal Decimal Classification number 370.973
082 00 - DEWEY DECIMAL CLASSIFICATION NUMBER
Classification number 370.973
Edition number 22
100 1# - Rafti
Rafti 46
101 ## - Shkurtesa
Shkurtesa edu
245 10 - TITLE STATEMENT
Title Foundations of education /
Statement of responsibility, etc Allan C. Ornstein, Daniel U. Levine.
504 ## - BIBLIOGRAPHY, ETC. NOTE
Bibliography, etc Includes bibliographical references and indexes.
906 ## - LOCAL DATA ELEMENT F, LDF (RLIN)
a 7
b cbc
c orignew
d 2
e epcn
f 20
g y-gencatlg
942 ## - ADDED ENTRY ELEMENTS (KOHA)
Source of classification or shelving scheme
Item type Books
Holdings
Withdrawn status Lost status Source of classification or shelving scheme Damaged status Not for loan Collection code Permanent location Current location Shelving location Date acquired Total Checkouts Full call number Barcode Date last seen Price effective from Koha item type
          Koleksioni i përgjithshem UBT - Lipjan UBT - Lipjan Koleksioni i përgjithshem 08/27/2018   370.973 LEV 002-3011481 08/27/2018 08/27/2018 Books
UBT Library © 2015-2024. All rights reserved University Education for Business and Technology